Selmecbánya Piaristák rendház

Zobrazenie: Pohľad na budovu kláštora piaristov, pred ktorou je ulica a za ktorou je vidieť časť kostola Nanebovzatia Panny Márie. Vľavo je ulica lemovaná dvoma domami a vpravo z nej vedú schody dole. Na ulici v popredí sú dvaja muži a v pozadí stoja ďalší traja muži

Bibliographic Details
Format: Postcard
Language:Hungarian
PhysicalDescription:1 pohľadnica kolorovaná 9 x 14 cm
Published: Selmecbánya Grohmann kiadása [medzi 1906 a 1949?]
Subjects:

MARC

LEADER 00000ckm a2200000 a 4500
001 vtls011600260
003 SK-MaSNL
005 20260512130354.0
007 kp ho
008 231121q1906 xo g kuhun
015 |a SNBG 
035 |a urn:nbn:sk:snk-km00fc9c 
035 |a urn:nbn:sk:snk-km45uqx 
035 |a 69C072C1-C554-41AE-8700-13C1B320121E 
040 |a SNK  |b slo  |c SNK  |e AACR2 
041 0 |a hun 
043 |a e-xo--- 
044 |a xo  |c SK 
072 7 |a 913  |x Regionálna geografia  |2 konspekt 
080 |a 913(437.6)  |2 2011 
080 |a 726:27-523.42  |2 2011 
080 |a 711.73  |2 2011 
080 |a 904(084.121)  |2 2011 
080 |a 27-789.9  |2 2011 
080 |a 726:2-523.6  |2 2011 
245 0 0 |a Selmecbánya  |h grafika  |b Piaristák rendház 
260 |a Selmecbánya  |b Grohmann kiadása  |c [medzi 1906 a 1949?] 
300 |a 1 pohľadnica  |b kolorovaná  |c 9 x 14 cm 
500 |a Na adresnej časti uvedené: "14367 A" 
500 |a Názvové údaje prevzaté z obrazovej časti pohľadnice 
520 8 |a Zobrazenie: Pohľad na budovu kláštora piaristov, pred ktorou je ulica a za ktorou je vidieť časť kostola Nanebovzatia Panny Márie. Vľavo je ulica lemovaná dvoma domami a vpravo z nej vedú schody dole. Na ulici v popredí sú dvaja muži a v pozadí stoja ďalší traja muži 
610 2 7 |a Kostol Nanebovziatia Panny Márie (Banská Štiavnica, Slovensko)  |2 SNKKA  |9 346066 
650 0 7 |a kultúrne pamiatky  |2 SNKPH  |9 2862 
650 0 7 |a kostoly  |2 SNKPH  |9 3023 
650 0 7 |a ulice  |2 SNKPH  |9 2938 
650 0 7 |a piaristi  |2 SNKPH  |9 107197 
650 0 7 |a kláštory  |2 SNKPH  |9 3024 
651 7 |a Banská Štiavnica (Slovensko)  |2 SNKPHgeo  |9 16373 
655 7 |a miestne pohľadnice  |2 SNKPH  |9 70510 
655 7 |a pohľadnice kultúrnych pamiatok  |2 SNKPH  |9 70523 
752 |a Slovensko  |d Banská Štiavnica 
852 |a Slovenská národná knižnica 
958 |a OND 
958 |a GBN 
958 |a GC 
958 |a EUIPO 
999 |c 1193513  |d 1195443 
952 |a SNK  |b SNK  |y PREZ  |7 0  |p 17A1214099  |o snkSP 11783  |0 0  |1 0  |4 0  |d 2016-12-16  |f 1  |l 0  |r 2026-02-24 22:18:39  |w 2026-02-24